000 00554nam a22001817a 4500
003 LK-CoMWRAF
005 20240624153818.0
008 240216b2019 |||||||| |||| 00| 0 eng d
020 _a9786249576902
040 _aLK-CoMWRAF
_dLK-CoMWRAF
_eLK-CoMWRAF
041 _atam
082 _bALI
100 _vAli, A.C.L. Ameer
_aஅலி, ஏ.சி.எல். அமீர்
245 _aசிந்தனைச் சுவடுகள்
246 _aChinthanaich chuwadugal
260 _aJaffna:
_bMohideen Pitchai Mohamed Jaleel
_c2019
942 _cBK
999 _c4748
_d4748